[Event "World Chess Olympiad 2018"]
[Site "Batumi"]
[Date "2018.10.02"]
[Round "8"]
[Board "4"]
[WhiteFideId "14001128"]
[White "Atabayev Yusup"]
[BlackFideId "2501961"]
[Black "Fitzsimons David"]
[Result "1-0"]
[LiveChessVersion "1.4.8"]
[BlackElo "2316"]
[WhiteElo "2411"]

1. e4 {[%clk 1:30:56]} d6 {[%clk 1:30:54]} 2. d4 {[%clk 1:31:05]} Nf6
{[%clk 1:31:17]} 3. Nc3 {[%clk 1:31:28]} g6 {[%clk 1:31:41]} 4. f3
{[%clk 1:29:26]} c6 {[%clk 1:31:41]} 5. Be3 {[%clk 1:29:51]} Nbd7
{[%clk 1:31:21]} 6. Qd2 {[%clk 1:29:57]} b5 {[%clk 1:30:09]} 7. g4
{[%clk 1:26:50]} Nb6 {[%clk 1:23:50]} 8. b3 {[%clk 1:27:08]} a6 {[%clk 1:21:11]}
9. Bh6 {[%clk 1:23:27]} Bxh6 {[%clk 1:15:45]} 10. Qxh6 {[%clk 1:23:51]} e5
{[%clk 1:15:03]} 11. Qe3 {[%clk 1:15:43]} Bb7 {[%clk 1:11:10]} 12. dxe5
{[%clk 1:11:29]} dxe5 {[%clk 1:11:28]} 13. Nge2 {[%clk 1:11:55]} Nfd7
{[%clk 1:05:18]} 14. a4 {[%clk 1:09:12]} b4 {[%clk 0:56:07]} 15. Nd1
{[%clk 1:06:08]} Qe7 {[%clk 0:50:45]} 16. a5 {[%clk 1:04:29]} Nc8
{[%clk 0:48:00]} 17. Nb2 {[%clk 1:04:53]} Nd6 {[%clk 0:45:07]} 18. g5
{[%clk 0:59:25]} Nb5 {[%clk 0:34:42]} 19. Na4 {[%clk 0:51:48]} Rd8
{[%clk 0:33:17]} 20. Bh3 {[%clk 0:46:54]} O-O {[%clk 0:23:26]} 21. O-O-O
{[%clk 0:46:10]} Bc8 {[%clk 0:22:43]} 22. Bxd7 {[%clk 0:45:32]} Bxd7
{[%clk 0:22:36]} 23. h4 {[%clk 0:45:42]} Bc8 {[%clk 0:20:31]} 24. Qc5
{[%clk 0:42:42]} Qxc5 {[%clk 0:17:38]} 25. Nxc5 {[%clk 0:43:06]} Nd4
{[%clk 0:16:14]} 26. Nxd4 {[%clk 0:42:03]} exd4 {[%clk 0:16:44]} 27. Rd3
{[%clk 0:38:03]} f5 {[%clk 0:14:05]} 28. Rhd1 {[%clk 0:37:08]} fxe4
{[%clk 0:14:30]} 29. fxe4 {[%clk 0:37:34]} Rde8 {[%clk 0:11:45]} 30. Rxd4
{[%clk 0:36:58]} Re5 {[%clk 0:12:14]} 31. Rc4 {[%clk 0:36:22]} Bg4
{[%clk 0:11:34]} 32. Rd2 {[%clk 0:36:27]} Bf3 {[%clk 0:07:00]} 33. Nd7
{[%clk 0:36:34]} Rxa5 {[%clk 0:07:23]} 34. Nxf8 {[%clk 0:36:55]} Kxf8
{[%clk 0:07:38]} 35. Rf2 {[%clk 0:37:19]} 1-0

[Event "World Chess Olympiad 2018"]
[Site "Batumi"]
[Date "2018.10.02"]
[Round "8"]
[Board "1"]
[WhiteFideId "1900072"]
[White "Galego Luis"]
[BlackFideId "696358"]
[Black "Bellahcene Bilel"]
[Result "1/2-1/2"]
[LiveChessVersion "1.4.8"]
[BlackElo "2501"]
[WhiteElo "2471"]

1. Nf3 {[%clk 1:30:56]} Nf6 {[%clk 1:30:57]} 2. g3 {[%clk 1:31:16]} c5
{[%clk 1:31:22]} 3. Bg2 {[%clk 1:31:32]} Nc6 {[%clk 1:31:49]} 4. c4
{[%clk 1:31:01]} d5 {[%clk 1:32:16]} 5. cxd5 {[%clk 1:31:04]} Nxd5
{[%clk 1:32:43]} 6. O-O {[%clk 1:28:42]} Nc7 {[%clk 1:33:11]} 7. d3
{[%clk 1:25:58]} g6 {[%clk 1:33:34]} 8. Be3 {[%clk 1:22:54]} Bg7 {[%clk 1:33:56]}
9. Qc1 {[%clk 1:21:50]} Ne6 {[%clk 1:29:18]} 10. Bh6 {[%clk 1:19:12]} O-O
{[%clk 1:29:43]} 11. Bxg7 {[%clk 1:18:21]} Kxg7 {[%clk 1:30:10]} 12. Nc3
{[%clk 1:17:15]} Rb8 {[%clk 1:28:38]} 13. Ng5 {[%clk 1:06:22]} Ncd4
{[%clk 1:28:08]} 14. Rd1 {[%clk 1:02:26]} b6 {[%clk 1:26:51]} 15. Nxe6+
{[%clk 1:02:23]} Nxe6 {[%clk 1:26:09]} 16. Ne4 {[%clk 0:54:01]} Bb7
{[%clk 1:24:58]} 17. Qc3+ {[%clk 0:49:49]} Kg8 {[%clk 1:19:26]} 18. e3
{[%clk 0:49:23]} Qc8 {[%clk 1:19:05]} 19. f4 {[%clk 0:47:51]} Rd8
{[%clk 1:18:31]} 20. Rac1 {[%clk 0:44:33]} Bd5 {[%clk 1:08:16]} 21. b3
{[%clk 0:40:49]} Qb7 {[%clk 1:07:50]} 22. Qc2 {[%clk 0:41:13]} Rd7
{[%clk 1:07:45]} 23. Bh3 {[%clk 0:39:59]} Rbd8 {[%clk 1:01:33]} 24. Nf2
{[%clk 0:36:30]} Rd6 {[%clk 1:00:59]} 25. Qc3 {[%clk 0:36:01]} a5
{[%clk 1:00:50]} 26. Re1 {[%clk 0:32:18]} Bf3 {[%clk 0:53:22]} 27. Bxe6
{[%clk 0:29:04]} Rxe6 {[%clk 0:48:51]} 28. e4 {[%clk 0:29:24]} g5
{[%clk 0:43:37]} 29. fxg5 {[%clk 0:27:02]} Bh5 {[%clk 0:43:06]} 30. Nh3
{[%clk 0:24:28]} Rg6 {[%clk 0:42:47]} 31. Qe5 {[%clk 0:16:43]} Re6
{[%clk 0:41:39]} 32. Qc3 {[%clk 0:14:41]} Rg6 {[%clk 0:42:04]} 33. Qd2
{[%clk 0:13:34]} Qd7 {[%clk 0:42:12]} 34. Nf4 {[%clk 0:13:50]} Qd4+
{[%clk 0:40:23]} 35. Kg2 {[%clk 0:11:24]} Rxg5 {[%clk 0:40:47]} 36. Ne6
{[%clk 0:10:28]} Bf3+ {[%clk 0:40:18]} 37. Kf1 {[%clk 0:10:06]} fxe6
{[%clk 0:38:18]} 38. Qxg5+ {[%clk 0:10:31]} Kh8 {[%clk 0:38:33]} 39. Qe3
{[%clk 0:10:12]} Qxd3+ {[%clk 0:38:45]} 40. Qxd3 {[%clk 0:39:11]} Rxd3
{[%clk 1:09:14]} 41. Kf2 {[%clk 0:38:38]} Bh5 {[%clk 1:09:40]} 42. Rc2
{[%clk 0:37:53]} e5 {[%clk 1:10:08]} 43. Re3 {[%clk 0:37:20]} Rd4
{[%clk 1:10:36]} 44. h3 {[%clk 0:37:09]} Kg7 {[%clk 1:10:29]} 45. g4
{[%clk 0:37:27]} Be8 {[%clk 1:10:23]} 46. Kg3 {[%clk 0:35:25]} a4
{[%clk 1:08:53]} 47. Rf2 {[%clk 0:27:50]} Bg6 {[%clk 1:04:03]} 48. bxa4
{[%clk 0:27:48]} Bxe4 {[%clk 1:00:37]} 49. Rb2 {[%clk 0:27:32]} Rxa4
{[%clk 1:00:18]} 50. Rxb6 {[%clk 0:27:41]} Bd5 {[%clk 1:00:46]} 51. Rb5
{[%clk 0:25:15]} e6 {[%clk 0:59:13]} 52. Rxc5 {[%clk 0:25:35]} e4
{[%clk 0:59:23]} 53. a3 {[%clk 0:25:20]} Kf6 {[%clk 0:59:51]} 54. Kf4
{[%clk 0:25:43]} Rd4 {[%clk 0:59:16]} 55. Rc7 {[%clk 0:22:30]} h6
{[%clk 0:59:38]} 56. h4 {[%clk 0:22:21]} Rd1 {[%clk 0:59:56]} 57. g5+
{[%clk 0:21:57]} hxg5+ {[%clk 0:59:42]} 58. hxg5+ {[%clk 0:22:23]} Kg6
{[%clk 1:00:10]} 59. a4 {[%clk 0:17:41]} Rf1+ {[%clk 1:00:24]} 60. Kg4
{[%clk 0:17:51]} Rg1+ {[%clk 0:56:46]} 61. Rg3 {[%clk 0:18:06]} Re1
{[%clk 0:57:15]} 62. Rcc3 {[%clk 0:16:39]} e5 {[%clk 0:56:51]} 63. Rge3
{[%clk 0:14:18]} Rg1+ {[%clk 0:55:44]} 64. Kh3 {[%clk 0:14:29]} Kf5
{[%clk 0:55:43]} 65. Kh2 {[%clk 0:14:39]} Rb1 {[%clk 0:52:00]} 66. a5
{[%clk 0:12:20]} Kxg5 {[%clk 0:50:13]} 67. Kg3 {[%clk 0:12:26]} Rg1+
{[%clk 0:47:39]} 68. Kf2 {[%clk 0:12:51]} Rh1 {[%clk 0:46:23]} 69. a6
{[%clk 0:11:59]} Kf4 {[%clk 0:46:32]} 70. a7 {[%clk 0:12:20]} Rh2+
{[%clk 0:46:42]} 71. Kg1 {[%clk 0:12:34]} Rh7 {[%clk 0:47:08]} 72. Ra3
{[%clk 0:12:13]} Rxa7 {[%clk 0:47:30]} 73. Rxe4+ {[%clk 0:12:31]} 1/2-1/2

[Event "World Chess Olympiad 2018"]
[Site "Batumi"]
[Date "2018.10.02"]
[Round "8"]
[Board "2"]
[WhiteFideId "7900309"]
[White "Rizouk Aimen"]
[BlackFideId "1900021"]
[Black "Fernandes Antonio"]
[Result "0-1"]
[LiveChessVersion "1.4.8"]
[BlackElo "2389"]
[WhiteElo "2445"]

1. e4 {[%clk 1:30:09]} c6 {[%clk 1:30:03]} 2. c4 {[%clk 1:29:33]} d5
{[%clk 1:23:29]} 3. exd5 {[%clk 1:29:56]} cxd5 {[%clk 1:23:42]} 4. cxd5
{[%clk 1:30:16]} Nf6 {[%clk 1:23:45]} 5. Nc3 {[%clk 1:30:35]} Nxd5
{[%clk 1:19:58]} 6. Nf3 {[%clk 1:30:56]} e6 {[%clk 1:18:51]} 7. Bc4
{[%clk 1:31:05]} Be7 {[%clk 1:16:39]} 8. O-O {[%clk 1:31:21]} O-O
{[%clk 1:16:55]} 9. d4 {[%clk 1:31:46]} b6 {[%clk 1:15:08]} 10. Re1
{[%clk 1:12:10]} Bb7 {[%clk 1:12:05]} 11. Ne5 {[%clk 1:04:47]} Nxc3
{[%clk 0:55:55]} 12. bxc3 {[%clk 1:05:07]} Nc6 {[%clk 0:56:04]} 13. Qg4
{[%clk 1:04:31]} Kh8 {[%clk 0:38:35]} 14. Re3 {[%clk 0:59:21]} Nxe5
{[%clk 0:23:07]} 15. dxe5 {[%clk 0:58:40]} Qc7 {[%clk 0:23:06]} 16. Bd3
{[%clk 0:33:47]} Qxc3 {[%clk 0:18:25]} 17. Rb1 {[%clk 0:33:38]} Rfd8
{[%clk 0:14:42]} 18. Bb2 {[%clk 0:30:27]} Qd2 {[%clk 0:11:22]} 19. Qh3
{[%clk 0:07:54]} h6 {[%clk 0:10:08]} 20. Bf1 {[%clk 0:02:13]} Qc2
{[%clk 0:08:56]} 21. Ree1 {[%clk 0:02:14]} Bc5 {[%clk 0:08:21]} 22. Kh1
{[%clk 0:00:34]} Qxf2 {[%clk 0:08:13]} 23. Be2 {[%clk 0:00:33]} Bb4
{[%clk 0:06:06]} 0-1

[Event "World Chess Olympiad 2018"]
[Site "Batumi"]
[Date "2018.10.02"]
[Round "8"]
[Board "3"]
[WhiteFideId "1900030"]
[White "Damaso Rui"]
[BlackFideId "7900856"]
[Black "Belouadah Saad"]
[Result "1-0"]
[LiveChessVersion "1.4.8"]
[BlackElo "2413"]
[WhiteElo "2440"]

1. e4 {[%clk 1:30:57]} e5 {[%clk 1:25:49]} 2. Nf3 {[%clk 1:31:07]} Qe7
{[%clk 1:25:19]} 3. d4 {[%clk 1:29:14]} d6 {[%clk 1:25:42]} 4. Bd3
{[%clk 1:28:41]} c6 {[%clk 1:15:56]} 5. O-O {[%clk 1:26:38]} Bg4 {[%clk 1:15:14]}
6. Nbd2 {[%clk 1:23:16]} Qc7 {[%clk 1:14:35]} 7. h3 {[%clk 1:22:37]} Bh5
{[%clk 1:14:35]} 8. b4 {[%clk 1:17:00]} Nf6 {[%clk 1:07:43]} 9. Bb2
{[%clk 1:16:38]} Bxf3 {[%clk 1:05:52]} 10. Qxf3 {[%clk 1:15:01]} Nbd7
{[%clk 0:56:54]} 11. Nc4 {[%clk 1:14:44]} Be7 {[%clk 0:48:51]} 12. a4
{[%clk 0:58:01]} O-O {[%clk 0:44:20]} 13. b5 {[%clk 0:58:03]} Rfe8
{[%clk 0:19:21]} 14. Rab1 {[%clk 0:55:03]} exd4 {[%clk 0:11:06]} 15. Bxd4
{[%clk 0:53:26]} Ne5 {[%clk 0:11:22]} 16. Nxe5 {[%clk 0:44:42]} dxe5
{[%clk 0:11:44]} 17. Be3 {[%clk 0:44:59]} cxb5 {[%clk 0:11:41]} 18. Rxb5
{[%clk 0:44:27]} Nd7 {[%clk 0:10:02]} 19. Rfb1 {[%clk 0:33:54]} b6
{[%clk 0:10:16]} 20. h4 {[%clk 0:32:11]} Bc5 {[%clk 0:10:05]} 21. Bc4
{[%clk 0:31:21]} Rf8 {[%clk 0:10:04]} 22. Bd5 {[%clk 0:30:43]} Rab8
{[%clk 0:07:48]} 23. Bxc5 {[%clk 0:26:27]} Nxc5 {[%clk 0:08:00]} 24. a5
{[%clk 0:26:50]} Qd6 {[%clk 0:05:48]} 25. axb6 {[%clk 0:24:49]} axb6
{[%clk 0:04:57]} 26. Qe3 {[%clk 0:21:29]} Kh8 {[%clk 0:05:06]} 27. c4
{[%clk 0:21:11]} g6 {[%clk 0:04:53]} 28. g3 {[%clk 0:21:11]} f5 {[%clk 0:05:18]}
29. exf5 {[%clk 0:20:10]} gxf5 {[%clk 0:04:30]} 30. f4 {[%clk 0:19:59]} Rfe8
{[%clk 0:02:27]} 31. fxe5 {[%clk 0:15:39]} Rxe5 {[%clk 0:02:26]} 32. Qd4
{[%clk 0:14:47]} Qf6 {[%clk 0:01:56]} 33. Qxc5 {[%clk 0:14:37]} Rg8
{[%clk 0:00:37]} 34. Qf2 {[%clk 0:14:18]} Rge8 {[%clk 0:00:32]} 35. Rxb6
{[%clk 0:13:54]} Qe7 {[%clk 0:00:34]} 36. Rb8 {[%clk 0:13:40]} Qf6
{[%clk 0:00:33]} 37. Rxe8+ {[%clk 0:12:57]} Rxe8 {[%clk 0:01:01]} 38. Rf1
{[%clk 0:12:52]} Qc3 {[%clk 0:00:58]} 39. Kh2 {[%clk 0:11:40]} Re5
{[%clk 0:00:38]} 40. Qf4 {[%clk 0:39:12]} Re2+ {[%clk 0:30:33]} 41. Rf2
{[%clk 0:38:42]} Qb2 {[%clk 0:28:58]} 42. Rxe2 {[%clk 0:38:46]} Qxe2+
{[%clk 0:29:26]} 43. Kh3 {[%clk 0:38:57]} 1-0

[Event "World Chess Olympiad 2018"]
[Site "Batumi"]
[Date "2018.10.02"]
[Round "8"]
[Board "4"]
[WhiteFideId "7901810"]
[White "Oussedik Mahfoud"]
[BlackFideId "1909991"]
[Black "Martins David Pires Tavares"]
[Result "0-1"]
[LiveChessVersion "1.4.8"]
[BlackElo "2402"]
[WhiteElo "2318"]

1. d4 {[%clk 1:30:57]} e6 {[%clk 1:30:57]} 2. c4 {[%clk 1:21:42]} Nf6
{[%clk 1:31:18]} 3. g3 {[%clk 1:22:05]} c5 {[%clk 1:31:40]} 4. d5
{[%clk 1:22:32]} exd5 {[%clk 1:31:52]} 5. cxd5 {[%clk 1:22:57]} d6
{[%clk 1:32:13]} 6. Nc3 {[%clk 1:23:24]} g6 {[%clk 1:32:38]} 7. Bg2
{[%clk 1:23:51]} Bg7 {[%clk 1:33:02]} 8. Nf3 {[%clk 1:24:02]} O-O
{[%clk 1:33:26]} 9. O-O {[%clk 1:24:29]} Re8 {[%clk 1:33:44]} 10. Nd2
{[%clk 1:24:54]} a6 {[%clk 1:32:05]} 11. a4 {[%clk 1:25:19]} Nbd7
{[%clk 1:32:22]} 12. e4 {[%clk 1:24:23]} Rb8 {[%clk 1:32:19]} 13. a5
{[%clk 1:24:33]} b5 {[%clk 1:32:39]} 14. axb6 {[%clk 1:24:59]} Nxb6
{[%clk 1:32:54]} 15. Re1 {[%clk 1:25:19]} Ng4 {[%clk 1:32:48]} 16. h3
{[%clk 1:20:29]} Ne5 {[%clk 1:32:05]} 17. Bf1 {[%clk 1:20:16]} f5
{[%clk 1:28:37]} 18. f4 {[%clk 1:17:08]} Nf7 {[%clk 1:26:52]} 19. exf5
{[%clk 1:15:40]} Bxf5 {[%clk 1:25:52]} 20. Nf3 {[%clk 0:54:15]} Qd7
{[%clk 1:18:14]} 21. Rxe8+ {[%clk 0:47:36]} Rxe8 {[%clk 1:18:21]} 22. Rxa6
{[%clk 0:44:50]} c4 {[%clk 1:10:12]} 23. Kh2 {[%clk 0:40:52]} Qc7
{[%clk 1:02:09]} 24. Bg2 {[%clk 0:33:40]} Qc5 {[%clk 0:53:26]} 25. Qg1
{[%clk 0:31:44]} Nd7 {[%clk 0:53:30]} 26. g4 {[%clk 0:28:50]} Bd3
{[%clk 0:51:52]} 27. Ra7 {[%clk 0:28:10]} Qxg1+ {[%clk 0:50:55]} 28. Kxg1
{[%clk 0:27:55]} Nc5 {[%clk 0:51:07]} 29. Bd2 {[%clk 0:25:15]} Nb3
{[%clk 0:43:26]} 30. Kh2 {[%clk 0:23:21]} Nxd2 {[%clk 0:32:43]} 31. Nxd2
{[%clk 0:23:47]} Rb8 {[%clk 0:26:33]} 32. Ra2 {[%clk 0:23:20]} g5
{[%clk 0:26:23]} 33. Bf1 {[%clk 0:19:59]} gxf4 {[%clk 0:22:35]} 34. Kg2
{[%clk 0:18:51]} Bd4 {[%clk 0:21:12]} 35. Bxd3 {[%clk 0:16:09]} cxd3
{[%clk 0:21:33]} 36. Nf3 {[%clk 0:14:00]} Be3 {[%clk 0:21:13]} 37. Ne4
{[%clk 0:13:53]} Rc8 {[%clk 0:18:53]} 38. h4 {[%clk 0:10:17]} d2 {[%clk 0:16:24]}
39. Ra1 {[%clk 0:10:23]} Rc1 {[%clk 0:15:53]} 40. Ra8+ {[%clk 0:40:49]} Kg7
{[%clk 0:46:19]} 41. Nfxd2 {[%clk 0:39:05]} Bxd2 {[%clk 0:46:40]} 42. g5
{[%clk 0:38:07]} Be3 {[%clk 0:45:21]} 43. Nf6 {[%clk 0:37:19]} Ne5
{[%clk 0:45:29]} 44. Kh2 {[%clk 0:30:56]} f3 {[%clk 0:44:35]} 0-1

[Event "World Chess Olympiad 2018"]
[Site "Batumi"]
[Date "2018.10.02"]
[Round "8"]
[Board "1"]
[WhiteFideId "3208923"]
[White "Smirnov Anton"]
[BlackFideId "4500261"]
[Black "Kulaots Kaido"]
[Result "1/2-1/2"]
[LiveChessVersion "1.4.8"]
[BlackElo "2542"]
[WhiteElo "2549"]

1. e4 {[%clk 1:30:52]} c5 {[%clk 1:30:48]} 2. Nf3 {[%clk 1:31:13]} d6
{[%clk 1:31:05]} 3. d4 {[%clk 1:31:38]} cxd4 {[%clk 1:31:19]} 4. Nxd4
{[%clk 1:32:04]} Nf6 {[%clk 1:31:40]} 5. Nc3 {[%clk 1:32:30]} a6 {[%clk 1:32:04]}
6. Bd3 {[%clk 1:32:53]} g6 {[%clk 1:27:47]} 7. Be3 {[%clk 1:31:52]} Nbd7
{[%clk 1:22:14]} 8. f3 {[%clk 1:31:50]} d5 {[%clk 1:19:12]} 9. Nxd5
{[%clk 1:19:11]} Nxd5 {[%clk 1:19:26]} 10. exd5 {[%clk 1:19:35]} Qa5+
{[%clk 1:19:16]} 11. Qd2 {[%clk 1:03:51]} Qxd5 {[%clk 1:19:28]} 12. Be4
{[%clk 1:00:12]} Qd6 {[%clk 0:56:57]} 13. O-O-O {[%clk 0:59:46]} Bg7
{[%clk 0:52:46]} 14. Bh6 {[%clk 0:58:10]} Qxd4 {[%clk 0:48:36]} 15. Qxd4
{[%clk 0:54:59]} Bxd4 {[%clk 0:49:00]} 16. Rxd4 {[%clk 0:55:26]} Nc5
{[%clk 0:49:22]} 17. Bd5 {[%clk 0:43:04]} Be6 {[%clk 0:48:53]} 18. Bxe6
{[%clk 0:42:58]} Nxe6 {[%clk 0:49:05]} 19. Rd3 {[%clk 0:43:01]} Rd8
{[%clk 0:45:32]} 20. Rb3 {[%clk 0:39:29]} b5 {[%clk 0:37:34]} 21. Ra3
{[%clk 0:37:12]} Rd6 {[%clk 0:36:01]} 22. Bd2 {[%clk 0:35:46]} h5
{[%clk 0:25:56]} 23. Bb4 {[%clk 0:33:04]} Rc6 {[%clk 0:26:04]} 24. Rc3
{[%clk 0:26:00]} Rxc3 {[%clk 0:23:50]} 25. Bxc3 {[%clk 0:26:27]} Rg8
{[%clk 0:19:31]} 26. Rd1 {[%clk 0:22:19]} h4 {[%clk 0:16:29]} 27. g3
{[%clk 0:21:43]} hxg3 {[%clk 0:13:23]} 28. hxg3 {[%clk 0:22:11]} f6
{[%clk 0:13:36]} 29. Rd5 {[%clk 0:17:41]} Rh8 {[%clk 0:06:56]} 30. a4
{[%clk 0:15:16]} Rh5 {[%clk 0:04:24]} 31. Rxh5 {[%clk 0:15:29]} gxh5
{[%clk 0:04:50]} 32. Kd2 {[%clk 0:14:55]} bxa4 {[%clk 0:04:13]} 33. Kd3
{[%clk 0:13:58]} Kd7 {[%clk 0:03:56]} 34. Bd2 {[%clk 0:13:24]} Ng5
{[%clk 0:01:45]} 35. Ke3 {[%clk 0:13:01]} Nf7 {[%clk 0:01:33]} 36. Ke4
{[%clk 0:11:33]} Kc6 {[%clk 0:00:39]} 37. Bb4 {[%clk 0:10:09]} e6
{[%clk 0:00:43]} 38. Bc3 {[%clk 0:07:14]} f5+ {[%clk 0:01:06]} 39. Kf4
{[%clk 0:03:55]} Kd5 {[%clk 0:01:23]} 40. Bf6 {[%clk 0:32:39]} Kc4
{[%clk 0:31:31]} 41. Bg7 {[%clk 0:32:25]} Kd5 {[%clk 0:24:39]} 42. Bc3
{[%clk 0:23:33]} Kc5 {[%clk 0:09:31]} 43. Bf6 {[%clk 0:23:21]} Kd6
{[%clk 0:09:30]} 44. Bg7 {[%clk 0:23:08]} Kc6 {[%clk 0:07:57]} 45. Bf6
{[%clk 0:23:23]} Kd5 {[%clk 0:06:40]} 46. Bc3 {[%clk 0:23:49]} Kd6
{[%clk 0:05:44]} 47. Bf6 {[%clk 0:23:51]} Kc5 {[%clk 0:05:58]} 48. Bg7
{[%clk 0:24:14]} Kd5 {[%clk 0:05:22]} 1/2-1/2

[Event "World Chess Olympiad 2018"]
[Site "Batumi"]
[Date "2018.10.02"]
[Round "8"]
[Board "2"]
[WhiteFideId "4500024"]
[White "Ladva Ottomar"]
[BlackFideId "3202534"]
[Black "Zhao Zong-Yuan"]
[Result "1/2-1/2"]
[LiveChessVersion "1.4.8"]
[BlackElo "2523"]
[WhiteElo "2500"]

1. Nf3 {[%clk 1:30:57]} c5 {[%clk 1:30:42]} 2. c4 {[%clk 1:30:48]} Nf6
{[%clk 1:30:04]} 3. Nc3 {[%clk 1:30:26]} Nc6 {[%clk 1:29:38]} 4. e3
{[%clk 1:30:42]} e6 {[%clk 1:27:41]} 5. d4 {[%clk 1:31:07]} d5 {[%clk 1:28:08]}
6. cxd5 {[%clk 1:31:24]} exd5 {[%clk 1:22:57]} 7. Bb5 {[%clk 1:31:49]} cxd4
{[%clk 1:15:34]} 8. Nxd4 {[%clk 1:30:07]} Bd7 {[%clk 1:15:54]} 9. O-O
{[%clk 1:29:07]} Bd6 {[%clk 1:09:34]} 10. Be2 {[%clk 1:26:54]} O-O
{[%clk 0:42:04]} 11. b3 {[%clk 0:56:43]} Nxd4 {[%clk 0:40:01]} 12. Qxd4
{[%clk 0:57:05]} Qc7 {[%clk 0:39:25]} 13. f4 {[%clk 0:40:20]} Bc5
{[%clk 0:35:41]} 14. Qd3 {[%clk 0:40:47]} Qb6 {[%clk 0:29:11]} 15. Kh1
{[%clk 0:37:38]} d4 {[%clk 0:16:16]} 16. exd4 {[%clk 0:37:29]} Bxd4
{[%clk 0:16:42]} 17. Bb2 {[%clk 0:37:07]} Bc5 {[%clk 0:11:18]} 18. Qg3
{[%clk 0:29:54]} Bc6 {[%clk 0:10:55]} 19. Bf3 {[%clk 0:25:28]} Rfe8
{[%clk 0:05:24]} 20. Rac1 {[%clk 0:24:30]} Bf8 {[%clk 0:04:38]} 21. Bxc6
{[%clk 0:19:08]} Qxc6 {[%clk 0:05:07]} 22. Na4 {[%clk 0:15:36]} Ne4
{[%clk 0:04:49]} 23. Qe3 {[%clk 0:15:16]} Qh6 {[%clk 0:04:17]} 24. Bd4
{[%clk 0:08:01]} Bb4 {[%clk 0:03:17]} 25. f5 {[%clk 0:04:47]} Qxe3
{[%clk 0:02:26]} 26. Bxe3 {[%clk 0:05:15]} b5 {[%clk 0:02:16]} 27. Nc5
{[%clk 0:04:47]} Nc3 {[%clk 0:02:08]} 28. Bf2 {[%clk 0:03:43]} Nxa2
{[%clk 0:01:24]} 29. Rc2 {[%clk 0:02:35]} Rac8 {[%clk 0:00:47]} 30. Rxa2
{[%clk 0:01:57]} Bxc5 {[%clk 0:01:14]} 31. Bxc5 {[%clk 0:01:13]} Rxc5
{[%clk 0:01:43]} 32. h3 {[%clk 0:01:35]} Re7 {[%clk 0:00:43]} 33. f6
{[%clk 0:00:39]} gxf6 {[%clk 0:01:12]} 34. Rxf6 {[%clk 0:01:02]} Rc3
{[%clk 0:00:55]} 35. b4 {[%clk 0:01:27]} Rc4 {[%clk 0:00:58]} 36. Rb2
{[%clk 0:01:16]} Kg7 {[%clk 0:00:40]} 37. Ra6 {[%clk 0:01:45]} Ree4
{[%clk 0:00:46]} 38. Rxa7 {[%clk 0:00:58]} Rxb4 {[%clk 0:01:15]} 39. Rd2
{[%clk 0:00:53]} Rbd4 {[%clk 0:01:20]} 40. Rc2 {[%clk 0:31:20]} b4
{[%clk 0:30:46]} 41. Rb7 {[%clk 0:31:45]} h5 {[%clk 0:30:11]} 42. g3
{[%clk 0:22:53]} Re6 {[%clk 0:07:30]} 43. Kh2 {[%clk 0:18:44]} Red6
{[%clk 0:02:41]} 44. Rg2 {[%clk 0:17:13]} Kg6 {[%clk 0:01:49]} 45. h4
{[%clk 0:17:22]} f6 {[%clk 0:01:02]} 46. Rb5 {[%clk 0:16:02]} R6d5
{[%clk 0:01:31]} 47. Rb6 {[%clk 0:16:20]} Rd6 {[%clk 0:01:54]} 48. Rb5
{[%clk 0:16:48]} R6d5 {[%clk 0:01:29]} 49. Rb6 {[%clk 0:17:17]} Rd6
{[%clk 0:00:51]} 1/2-1/2

[Event "World Chess Olympiad 2018"]
[Site "Batumi"]
[Date "2018.10.02"]
[Round "8"]
[Board "3"]
[WhiteFideId "3205207"]
[White "Illingworth Max"]
[BlackFideId "4501950"]
[Black "Volodin Aleksandr"]
[Result "1/2-1/2"]
[LiveChessVersion "1.4.8"]
[BlackElo "2457"]
[WhiteElo "2512"]

1. e4 {[%clk 1:30:55]} c5 {[%clk 1:30:52]} 2. Nf3 {[%clk 1:31:19]} Nc6
{[%clk 1:30:16]} 3. Bb5 {[%clk 1:31:26]} e6 {[%clk 1:30:39]} 4. O-O
{[%clk 1:31:47]} Nge7 {[%clk 1:31:06]} 5. d4 {[%clk 1:31:58]} cxd4
{[%clk 1:31:31]} 6. Nxd4 {[%clk 1:32:23]} Qb6 {[%clk 1:31:45]} 7. Nxc6
{[%clk 1:32:42]} bxc6 {[%clk 1:28:08]} 8. Bd3 {[%clk 1:32:59]} Ng6
{[%clk 1:24:07]} 9. c4 {[%clk 1:31:00]} Be7 {[%clk 1:22:14]} 10. Nc3
{[%clk 1:31:10]} O-O {[%clk 1:21:31]} 11. Na4 {[%clk 1:30:23]} Qc7
{[%clk 1:17:50]} 12. c5 {[%clk 1:28:26]} d5 {[%clk 1:15:33]} 13. cxd6
{[%clk 1:28:48]} Bxd6 {[%clk 1:15:56]} 14. g3 {[%clk 1:29:07]} c5
{[%clk 1:08:59]} 15. Be3 {[%clk 1:26:01]} c4 {[%clk 1:08:41]} 16. Rc1
{[%clk 1:25:16]} Ba6 {[%clk 1:07:19]} 17. Bxc4 {[%clk 1:20:41]} Bxc4
{[%clk 1:05:57]} 18. b3 {[%clk 1:21:04]} Bxb3 {[%clk 1:04:40]} 19. axb3
{[%clk 1:20:47]} Qe7 {[%clk 1:04:17]} 20. Qc2 {[%clk 1:14:08]} Rab8
{[%clk 1:00:15]} 21. Rfd1 {[%clk 1:11:38]} Ba3 {[%clk 0:54:07]} 22. Ra1
{[%clk 0:59:30]} Rfc8 {[%clk 0:52:10]} 23. Qd3 {[%clk 0:58:00]} h6
{[%clk 0:47:06]} 24. Qa6 {[%clk 0:53:34]} Rc7 {[%clk 0:43:06]} 25. Nb6
{[%clk 0:52:35]} Bb2 {[%clk 0:42:01]} 26. Rab1 {[%clk 0:52:28]} Ba3
{[%clk 0:39:25]} 27. Ra1 {[%clk 0:47:34]} Bb2 {[%clk 0:39:06]} 28. Rab1
{[%clk 0:47:40]} Ba3 {[%clk 0:39:30]} 29. Ra1 {[%clk 0:47:06]} Bb2
{[%clk 0:39:55]} 30. Rab1 {[%clk 0:47:32]} Ba3 1/2-1/2